| 000 | 02839nam0a2200409 4500 | ||
|---|---|---|---|
| 001 | RU\NLR\BIBL_A\012372198 | ||
| 005 | 20201016133822.0 | ||
| 010 |
_a978-5-6044485-4-0 _9500 |
||
| 021 |
_aRU _bКН-П-20-033701 _9КН-П-20-2581 |
||
| 035 | _a(NLR Aleph) 012372198 | ||
| 035 | _a(RuMoRGB)010356774 | ||
| 090 |
_a11581449 _c11581449 |
||
| 100 | _a20201008d2020 k y0rusy50 ca | ||
| 101 | 0 | _arus | |
| 102 | _aRU | ||
| 105 | _a c||z|||100zy | ||
| 181 | 0 |
_ai _baxxe |
|
| 182 | 0 | _an | |
| 200 | 1 |
_aПедагогика и психология: перспективы развития _eсборник материалов XI Международной научно-практической конференции (Чебоксары, 20 марта 2020 г.) _fФедеральное государственное бюджетное образовательное учреждение высшего образования "Чувашский государственный университет им. И.Н. Ульянова", Актюбинский региональный государственный университет имени К. Жубанова _g[редакционная коллегия: Яковлева Татьяна Валериановна (ответственный редактор) и др.] |
|
| 203 |
_aТекст _bвизуальный _cнепосредственный |
||
| 210 |
_aЧебоксары _cИнтерактив плюс _d2020 |
||
| 215 |
_a107 с. _cил., портр., табл. _d21 |
||
| 320 | _aБиблиогр. в конце ст. | ||
| 606 | 1 |
_aПедагогика _jСъезды, совещания и т.п. _2nlr_sh2 _3RU\NLR\AUTH\6619222 |
|
| 606 | 1 |
_aПсихология _jСъезды, совещания и т.п _2nlr_sh1 _2nlr_sh2 _3RU\NLR\AUTH\6624683 |
|
| 686 | 1 | _aЧ30я431 | |
| 686 | 1 | _aЮ9я431 | |
| 702 | 1 |
_aЯковлева _bТ. В. _cспециалист в обл. образования _gТатьяна Валериановна _3RU\NLR\AUTH\770132371 _4340 |
|
| 711 | 1 | 2 |
_a"Педагогика и психология: перспективы развития", международная научно-практическая конференция _d11 _f2020 _eЧебоксары _3RU\NLR\AUTH\880528333 |
| 712 | 0 | 2 |
_aЧувашский государственный университет им. И. Н. Ульянова _cЧебоксары _3RU\NLR\AUTH\8814249 _4570 |
| 712 | 0 | 2 |
_aАктюбинский региональный государственный университет им. К. Жубанова _3RU\NLR\AUTH\880486045 _4570 |
| 942 | _cBOOK | ||
| 980 | _aNBR | ||
| 980 | _aNB | ||